Biblioteca y Centro de Documentación

Vista normal Vista MARC

Entrada Nombre personal

Número de registros utilizados en: 6

001 - NÚMERO DE CONTROL

  • Campo de control: 18008

003 - IDENTIFICADOR DE NÚMERO DE CONTROL

  • Campo de control: ES-MaCES

005 - FECHA Y HORA DE LA ULTIMA MODIFICACION

  • Campo de control: 20141105141926.0

008 - ELEMENTOS DE DATOS DE LONGITUD FIJA

  • Campo de longitud fija: 990715 | azznnaabn |n aaa d

035 ## - NÚMERO DE CONTROL DEL SISTEMA

  • Número de control del sistema: CES19990009975n

040 ## - FUENTE DE LA CATALOGACIÓN

  • Agencia original de catalogación: ES-MaCES
  • Idioma de catalogación: spa
  • Agencia de transcripción: ES-MaCES

100 1# - ENCABEZAMIENTO--NOMBRE DE PERSONA

  • Nombre personal: Martín-Retortillo, Sebastián

400 ## - TRAZADO VEÁSE--NOMBRE DE PERSONA

  • Nombre personal: Martín-Retortillo Baquer, Sebastián

670 ## - FUENTE DE DATOS ENCONTRADOS

  • Fuente de citación: CD del CES

901 ## - CES. DATOS SIRTEX

  • ID Sirtex (N5N8): 0001500009139
  • 005BIS Sirtex: 199907151409DGARCIA
© CES, Consejo Económico y Social de España 2021